Как се побеждава магьосница (Запис номер 149584)
[ съкратено ]
| 000 -Лидер | |
|---|---|
| Контролно поле с фиксирана дължина | 01708nam a2200349 c 4500 |
| 003 - Код на организацията, давaща контролен номер | |
| Контролно поле | BLK |
| 005 - Дата и час на последна редакция | |
| Контролно поле | 20180422112932.0 |
| 008 - Елементи от данни с фиксирана дължина | |
| fixed length control field | 180410b bul|||||r ||||||| ||bul|| |
| 010 ## - Наследен системен номер | |
| LC control number | KNG00155852000 |
| 040 ## - Източник на каталожния запис | |
| Идентификатор на билиотеката - собственик на записа | BLK |
| 041 ## - Код за език | |
| Код за езика на текст/звукозапис или на отделно заглавие | Български |
| Код за езика КДБФ | Български |
| 080 ## - УДК | |
| Текстов определител УДК | |
| УДК код - определител по УДК | 793.4/.9 |
| УДК определител | |
| УДК - код + определител | 793.4/.9 |
| 100 1# - Редна дума - Автор | |
| Автор | Цвирко-Годицки, Йежи |
| Авторска отговорност | първи автор |
| R(LIN) | 139767 |
| 139 ## - Редно поле | |
| Редна дума | Цвирко-Годицки, Йежи |
| Авторски знак | Цвир - Ц 40 |
| 245 10 - Сведения за заглавието | |
| Заглавие | Как се побеждава магьосница |
| Подзаглавни данни | Книжка-играчка |
| Редно поле (дума) | Йежи Цвирко-Годицки; лит. обраб. Йонна Папузинска; прев. от пол. Евгения Йовкова Сендова; худож. Хана Чижевска. |
| 257 ## - Страна на издаване | |
| Страна на създаване/издаване | Полша |
| 260 ## - Област на издателските данни | |
| -- | София |
| Име на издателя, разпространителя и проч. | Отечество |
| Година на издаване | 1984 |
| Печатница | София : ДП Балкан |
| 300 ## - Физическа характеристика | |
| Страници | 64 с. |
| Илюстрации и др. | с зв. ил., табл. |
| Размери/Мащаб | 17Х24 см |
| 380 ## - Жанр | |
| Жанр | Детска отраслова лит. |
| 500 ## - Общи забележки | |
| Забележка | Ориг. загл. Jak pokonac czarownice / Jerzy Cwirko-Godycki. - Офс. изд. - 30 115 тир. - Съдържа и Как се запознах с логическите задачи / Анна Аргирова. |
| 650 #4 - Допълнително описание по предмет – тема | |
| Основно описание – тема или топоним | Детски игри |
| 9 (RLIN) | 241574 |
| 653 ## - Ключова дума – ненормативна | |
| Ключова дума | книги-игри |
| 653 ## - Ключова дума – ненормативна | |
| Ключова дума | литература за деца |
| 700 1# - Други автори (авторска отговорност) | |
| Лично име | Папузинска, Йонна |
| Автороска отговорност (Описва отношението между автора и произведението) | лит. обраб. |
| 9 (RLIN) | 106662 |
| 700 1# - Други автори (авторска отговорност) | |
| Лично име | Сендова, Евгения Йовкова |
| Автороска отговорност (Описва отношението между автора и произведението) | прев. от пол. |
| 9 (RLIN) | 372147 |
| 700 1# - Други автори (авторска отговорност) | |
| Лично име | Чижевска, Хана |
| Автороска отговорност (Описва отношението между автора и произведението) | худож. |
| 9 (RLIN) | 141730 |
| 852 ## - Местоположение | |
| Форматна сигнатура | Цб І 35384 |
| 856 4# - Електронен адрес и достъп | |
| Електронен формат | pdf - файл |
| Път до файла /url/ | |
| 856 4# - Електронен адрес и достъп | |
| Електронен формат | pdf - файл |
| Път до файла /url/ | |
| 942 ## - АРТИКУЛИ | |
| Вид на библиотечния материал | Книги |
| Скрит в OPAC | Не |
| 944 ## - СЪЗДАВАНЕ И РЕДАКЦИЯ на ЗАПИСА | |
| Създаване/Редакция | Създаване |
| Дата на регистрацията/редакция | 21.01.2014 |
| Статус, дата на статуса | 21.01.2014 - от С1,Р / 21.01.2014 |
| Служител, извършил регистрацията/редакцията | Даниел_Канатов |
| 944 ## - СЪЗДАВАНЕ И РЕДАКЦИЯ на ЗАПИСА | |
| Създаване/Редакция | Редакция |
| Дата на регистрацията/редакция | 21.01.2014 |
| Статус, дата на статуса | 21.01.2014 - от С1,Р / 21.01.2014 |
| Служител, извършил регистрацията/редакцията | |
| 999 ## - СИСТЕМНИ КОНТРОЛНИ НОМЕРА | |
| Koha biblionumber | 149584 |
| Koha biblioitemnumber | 149584 |
| Код за отписване | Код за изгубен артикул | Източник на класификационната схема | Код за повреда | Коз за рестрикции | Код за отдаване | Артикулен № | Име на библиотеката - собственик | Име на библиотеката, в която се намира в момента | Статус (Текущо местоположение) | Дата на вписване в системата | Местоположение - отдел | Цена в лева | Инвентарен номер | Систематично азбучна сигнатура | Баркод | Номер на екземпляра | Цена в евро | Служебна бележка | Служебен тип на артикула |
|---|---|---|---|---|---|---|---|---|---|---|---|---|---|---|---|---|---|---|---|
| Не е изгубен | Universal Decimal Classification | Не е повреден | без рестрикции | ползва се в читалня | 249884 | Регионална библиотека "Любен Каравелов" Русе | Регионална библиотека "Любен Каравелов" Русе | Хранилище | 1984-01-01 | Хранилище | 0.52 | 406636 | Цб І 35384 | 120000406636 | 1 | 0.27 | Дост: Dp Вид: Д N: стар фонд Дата: 01.01.1984 | Книги | |
| Не е изгубен | Universal Decimal Classification | Не е повреден | без рестрикции | заемане за дома | 249885 | Регионална библиотека "Любен Каравелов" Русе | Регионална библиотека "Любен Каравелов" Русе | Детски отдел | 1984-01-01 | Детски отдел | 0.52 | 407594 | ДН 79/Ц 40 | 120000407594 | 2 | 0.27 | Дост: Pk Вид: Ф N: стар фонд Дата: 01.01.1984 Дата инв: 02.10.2015 Бележки инв: Д2015 | Книги |